| 000 | 01144nam a2200373 c 4500 | ||
|---|---|---|---|
| 001 | |||
| 003 | |||
| 005 | 20220701113049.0 | ||
| 008 | 140109s2014 sp a | |||| 001 0 spa | ||
| 015 | _a | ||
| 020 |
_a9788449449857 (oc) _q |
||
| 040 |
_aBPMSU _bspa _cBPMSU _e |
||
| 082 |
_a920.008 _bG752p 2014 _222 |
||
| 245 | 0 | 0 |
_aGrandes personajes universales / _cÁngeles Arregui, Lluís Cànoves, Marta Esber [y otros]. |
| 260 |
_aBarcelona _bOcéano, _c2014 |
||
| 300 |
_av. _bil. col. y n., mapas _c27 cm _e |
||
| 337 | _2 | ||
| 500 | _aIncluye índices | ||
| 505 | 0 | _av. 1. Arte, literatura -- v. 2. Historia -- v. 3. Ciencia y tecnología, pensamiento | |
| 590 | _6Inventariado, 2021/VM | ||
| 650 | 4 |
_aBiografías _ySiglo XX _2 |
|
| 650 | 4 |
_aPersonajes _vBiografías. |
|
| 650 | 4 |
_aHistoria universal _xPersonajes. |
|
| 650 | 4 |
_aPolíticos _vBiografías. |
|
| 700 | 1 |
_aCànoves, Lluis. _4 |
|
| 700 | 1 | _aEsber, Marta. | |
| 700 | 1 |
_aMontiel, Alejandro, _d1959- |
|
| 700 | 1 | _aPascual, Marcelo. | |
| 700 | 1 | _aRomanillos, Pere. | |
| 700 | 1 |
_aVillalba, María _eed. |
|
| 910 | _aVMateo V. | ||
| 942 |
_2ddc _cBK |
||
| 956 | _a2 | ||
| 999 |
_c13580 _d13580 |
||